Famous Duos - Statistics

General Stats
  • This quiz has been taken 23 times
  • The average score is 5 of 14
Answer Stats
First Names Famous Duo % Correct
Stan and Oliver Laurel and Hardy
82%
Bud and Lou Abbott and Costello
77%
Bruce and Dick Batman and Robin
73%
Darryl and John Hall and Oates
64%
Paul and Art Simon and Garfunkel
64%
Meriwether and William Lewis and Clark
45%
Kix and Ronnie Brooks and Dunn
41%
Gene and Roger Siskel and Ebert
36%
Daryl and Toni Captain and Tennille
18%
Lester and Earl Flatt and Scruggs
14%
Kenny and Jim Loggins and Messina
9%
Jim and Dash Seals and Crofts
9%
Chris and Mary Beth Cagney and Lacey
5%
David and Kenneth Starsky and Hutch
5%
No matching quizzes found
Score Distribution
Percent of People with Each Score
Percentile by Number Answered
Your Score History
You have not taken this quiz